000 00592cab a2200193 4500
001 WB2330-22
008 090401t1987 xxu||||| |||| 00| 0 eng d
035 _a(Sirsi) u55643
041 _aeng
245 _aLicensed to convey
260 _c1987
350 _a0
490 _aGuardian
_v25/7/87 p28
520 _aSome 175 licensed conveyancers have come into being in the last 2 months, ending solicitors` monopoly on conveyancing .
650 _aCOUNCIL OF LICENSED CONVEYANCERS
690 _aMANAGEMENT-BUSINESS MANAGEMENT-PROFESSIONAL PRACTICE
942 _n0
948 _c04/03/1997
999 _c34012
_d34012